000
00283nam a22001337a 4500
008
181101b xxu||||| |||| 00| 0 eng d
020
_a
9780443070693
041
_a
eng
080
_a
616
100
_a
9
101
_a
PAT
245
_a
Skin Pathology
_c
Weedon.d
942
_2
udc
_c
BK
999
_c
51475
_d
51475